[Event "4th Mediterranean Open"]
[Site "Rijeka CRO"]
[Date "2010.11.20"]
[Round "9.16"]
[White "Zufic, Miroslav"]
[Black "Ivanov, Stojan Emilov"]
[Result "1-0"]
[WhiteTitle "IM"]
[WhiteElo "2442"]
[BlackElo "2205"]
[WhiteFideId "14506157"]
[BlackFideId "2903245"]
[EventDate "2010.11.13"]

1. e4 c5 2. Nf3 d6 3. d4 cxd4 4. Nxd4 Nf6 5. Nc3 e6 6. Be3 Be7 7. f3 Nc6 8. Qd2
a6 9. O-O-O O-O 10. g4 Nxd4 11. Bxd4 e5 12. Be3 Be6 13. h4 b5 14. Kb1 b4 15. Nd5
Bxd5 16. exd5 a5 17. h5 Nd7 18. Bd3 Nc5 19. Bf5 Rb8 20. g5 a4 21. Rdg1 b3 22.
cxb3 Nxb3 23. axb3 axb3 24. g6 Ra8 25. Qb4 Rb8 26. Qg4 Bf6 27. h6 hxg6 28. Bxg6
fxg6 29. hxg7 Bxg7 30. Qe6+ Rf7 31. Rxg6 Qc8 32. Rxg7+ Kxg7 33. Qh6+ 1-0

[Event "4th Mediterranean Open"]
[Site "Rijeka CRO"]
[Date "2010.11.20"]
[Round "9.17"]
[White "Ionica, Iulia-Ionela"]
[Black "Brumen, Dinko"]
[Result "1/2-1/2"]
[WhiteTitle "WGM"]
[BlackTitle "IM"]
[WhiteElo "2244"]
[BlackElo "2359"]
[WhiteFideId "1205480"]
[BlackFideId "14501490"]
[EventDate "2010.11.13"]

1. e4 e6 2. d4 d5 3. Nd2 Nf6 4. e5 Nfd7 5. Bd3 c5 6. c3 Nc6 7. Ne2 cxd4 8. cxd4
f6 9. exf6 Nxf6 10. Nf3 Bd6 11. O-O Qc7 12. Bg5 O-O 13. Nc3 a6 14. Bh4 Nh5 15.
Bg3 Nxg3 16. hxg3 g6 17. Rc1 Qg7 18. Bb1 g5 19. Ne2 Bd7 20. Qd2 h6 21. Rcd1 Be8
22. Qe3 Bf7 23. Nc3 Rae8 24. Qd2 Bh5 25. Rfe1 Rxf3 26. gxf3 Bxf3 27. Re3 Bxd1
28. Qxd1 Nxd4 29. Nxd5 Rf8 30. Nc3 Bc5 31. Ne4 Ba7 32. Kg2 Nc6 33. Rf3 Ne5 34.
Rxf8+ Qxf8 35. Qb3 Qf7 36. Qc3 Ng4 37. Qd2 Qc7 38. Qe2 Ne5 39. f4 Nc4 40. Qh5
Ne3+ 41. Kh2 Qf7 42. Qxf7+ Kxf7 43. fxg5 hxg5 44. Nxg5+ Kf6 45. Nf3 Nd1 46. Be4
b6 47. b3 Nc3 48. Bd3 a5 49. a4 Bb8 50. Kh3 Nd1 51. Kh4 Nf2 52. Bc2 Kg7 53. Nd2
Kf6 54. Nf3 Kg7 55. Nd2 Kf6 1/2-1/2

[Event "4th Mediterranean Open"]
[Site "Rijeka CRO"]
[Date "2010.11.20"]
[Round "9.19"]
[White "Andersen, Alf R."]
[Black "Naslund, Mikael"]
[Result "1-0"]
[BlackTitle "FM"]
[WhiteElo "2220"]
[BlackElo "2151"]
[WhiteFideId "1503120"]
[BlackFideId "1708260"]
[EventDate "2010.11.13"]

1. e4 e6 2. d4 d5 3. Nd2 c5 4. exd5 exd5 5. Ngf3 Nc6 6. Be2 cxd4 7. O-O Bd6 8.
Nb3 Nge7 9. Nbxd4 O-O 10. c3 Bg4 11. h3 Bh5 12. Bg5 h6 13. Be3 Re8 14. Re1 Na5
15. b3 a6 16. Qd2 Qc7 17. Nh4 Bxe2 18. Qxe2 Qxc3 19. Rac1 Qb4 20. a3 Qxa3 21.
Ra1 Qb4 22. Ra4 Qb6 23. Ne6 Qb5 24. Qg4 Ng6 25. Bxh6 Qxb3 26. Nxg6 Rxe6 27. Ne7+
Kf8 28. Qxg7+ Kxe7 29. Bg5+ Ke8 30. Qg8+ Kd7 31. Qxf7+ Kc6 32. Rc1+ Kb5 33.
Rxa5+ Kxa5 34. Qxe6 Bb4 35. Be3 Bc3 36. Qd7 Be5 37. Bd2+ Kb6 38. Qe6+ 1-0

[Event "4th Mediterranean Open"]
[Site "Rijeka CRO"]
[Date "2010.11.20"]
[Round "9.20"]
[White "Butuc, Maria"]
[Black "Ostling, Hakan"]
[Result "1-0"]
[WhiteTitle "WIM"]
[WhiteElo "2180"]
[BlackElo "2207"]
[WhiteFideId "13902911"]
[BlackFideId "1708635"]
[EventDate "2010.11.13"]

1. e4 g6 2. d4 Bg7 3. Nf3 d6 4. c3 Nf6 5. Bd3 O-O 6. O-O Nc6 7. Re1 e5 8. h3 Nh5
9. Be3 Nf4 10. Bf1 Qe7 11. Qd2 g5 12. d5 Nb8 13. c4 b6 14. Nc3 h5 15. Nh2 a5 16.
Qd1 h4 17. Ng4 Nd7 18. g3 Ng6 19. Bg2 Nc5 20. Bxc5 bxc5 21. Ne3 Rb8 22. Rb1 Bd7
23. Nf5 Qe8 24. Bf3 Rb4 25. Qd2 Qd8 26. Be2 Bf6 27. Kh2 g4 28. Bxg4 hxg3+ 29.
fxg3 Rxc4 30. Rf1 Bg5 31. Qe2 Rb4 32. a3 Rb6 33. h4 Bf6 34. Bh3 Bg7 35. h5 Ne7
36. Qe3 Nxf5 37. Bxf5 Bxf5 38. Rxf5 Kh7 39. Qf3 f6 40. Nd1 Bh6 41. Nf2 Bg5 42.
Nh3 Rg8 43. Qe2 Rb8 44. Rbf1 Rg7 45. Nxg5+ fxg5 46. R1f2 Qe8 47. Qg4 Qg8 48. h6 1-0